Relationship marketing
Na minha lista:
| Autor principal: | |
|---|---|
| Formato: | Livro |
| Idioma: | Undetermined |
| Publicado em: |
New York
McGraw-Hill
2004
|
| Assuntos: | |
| Tags: |
Adicionar Tag
Sem tags, seja o primeiro a adicionar uma tag!
|
| Thư viện lưu trữ: | Trung tâm Học liệu Trường Đại học Cần Thơ |
|---|
| LEADER | 00512nam a2200193Ia 4500 | ||
|---|---|---|---|
| 001 | CTU_88103 | ||
| 008 | 210402s9999 xx 000 0 und d | ||
| 020 | |c 9.45 | ||
| 082 | |a 658.8 | ||
| 082 | |b S526 | ||
| 100 | |a Shajahan, S. | ||
| 245 | 0 | |a Relationship marketing | |
| 245 | 0 | |c S. Shajahan | |
| 260 | |a New York | ||
| 260 | |b McGraw-Hill | ||
| 260 | |c 2004 | ||
| 650 | |a Relationship marketing,Customer services,Quality control | ||
| 904 | |i Truc | ||
| 980 | |a Trung tâm Học liệu Trường Đại học Cần Thơ | ||